Environmental economics : (Record no. 130401)

MARC details
000 -LEADER
fixed length control field 00857cam a22002654a 4500
008 - FIXED-LENGTH DATA ELEMENTS--GENERAL INFORMATION
fixed length control field
020 ## - INTERNATIONAL STANDARD BOOK NUMBER
International Standard Book Number 9780521173926 (pbk.)
049 ## - LOCAL HOLDINGS (OCLC)
Holding library MAIN
090 ## - LOCALLY ASSIGNED LC-TYPE CALL NUMBER (OCLC); LOCAL CALL NUMBER (RLIN)
Classification number (OCLC) (R) ; Classification number, CALL (RLIN) (NR) HC79.E5
Local cutter number (OCLC) ; Book number/undivided call number, CALL (RLIN) END
003 - CONTROL NUMBER IDENTIFIER
control field
005 - DATE AND TIME OF LATEST TRANSACTION
control field 20230123122241.0
040 ## - CATALOGING SOURCE
Transcribing agency NUST
100 1# - MAIN ENTRY--PERSONAL NAME
Personal name Endres, Alfred
245 10 - TITLE STATEMENT
Title Environmental economics :
Remainder of title theory and policy /
Statement of responsibility, etc. Alfred Endres ; translated by Iain L. Fraser
250 ## - EDITION STATEMENT
Edition statement Revised & extended English edition
260 ## - PUBLICATION, DISTRIBUTION, ETC.
Place of publication, distribution, etc. New York :
Name of publisher, distributor, etc. Cambridge University Press,
Date of publication, distribution, etc. 2011
300 ## - PHYSICAL DESCRIPTION
Extent xix, 379 p. :
Other physical details ill. ;
Dimensions 26 cm
504 ## - BIBLIOGRAPHY, ETC. NOTE
Bibliography, etc. note Includes bibliographical references.
500 ## - GENERAL NOTE
General note Includes index.
546 ## - LANGUAGE NOTE
Language note Translated from the German
650 #0 - SUBJECT ADDED ENTRY--TOPICAL TERM
Topical term or geographic name entry element Environmental economics
700 1# - ADDED ENTRY--PERSONAL NAME
Personal name Fraser, Iain L.,
Relator term translator
907 ## - LOCAL DATA ELEMENT G, LDG (RLIN)
a .b10378194
b 20-02-17
c 20-02-17
942 ## - ADDED ENTRY ELEMENTS (KOHA)
Koha item type Ordinary Loan Books
Call number prefix HC79.E5
Call number suffix END
Holdings
Date last seen Total Checkouts Full call number Barcode Cost, replacement price Price effective from Koha item type Lost status Source of classification or shelving scheme Damaged status Not for loan Collection Withdrawn status Home library Current library Shelving location Date acquired Cost, normal purchase price
01/23/2023 1 HC79.E5 END 92004042178 80.00 01/23/2023 BOOKS   LCC     NFIC   MAIN MAIN GEN 01/23/2023 80.00